Les 51 premiers pays de l'ONU - Statistiques

Statistiques générales
  • Ce quiz a été pris 119 fois
  • Le résultat moyen est 32 sur 51
Statistiques - réponses
Continent Pays % Correct
Europe France
100%
Amérique du Nord États-Unis
98%
Asie Chine
94%
Europe Royaume-Uni
93%
Amérique du Nord Canada
91%
Amérique du Sud Brésil
88%
Océanie Australie
87%
Amérique du Sud Argentine
85%
Afrique Afrique du Sud
82%
Europe Belgique
81%
Amérique du Sud Colombie
78%
Amérique du Sud Chili
76%
Amérique du Nord Mexique
76%
Asie Inde
72%
Europe Pays-Bas
71%
Afrique Égypte
69%
Europe Norvège
69%
Amérique du Nord Cuba
66%
Europe Danemark
66%
Amérique du Sud Pérou
66%
Asie Turquie
66%
Amérique du Sud Vénézuela
66%
Europe Grèce
65%
Amérique du Sud Uruguay
65%
Amérique du Sud Équateur
64%
Océanie Nouvelle-Zélande
64%
Amérique du Sud Paraguay
64%
Amérique du Sud Bolivie
62%
Europe Pologne
62%
Amérique du Nord Costa rica
61%
Asie Arabie Saoudite
59%
Europe Luxembourg
59%
Europe / Asie Union Soviétique
59%
Asie Iran
56%
Amérique du Nord Honduras
55%
Asie Irak
55%
Amérique du Nord Panama
55%
Amérique du Nord Guatemala
54%
Amérique du Nord Nicaragua
51%
Europe Albanie
48%
Afrique Ethiopie
48%
Amérique du Nord Salvador
47%
Europe Yougoslavie
46%
Amérique du Nord Haïti
45%
Asie Mongolie
42%
Asie Syrie
41%
Asie Liban
39%
Europe Tchécoslovaquie
33%
Amérique du Nord République Dominicaine
32%
Asie Philippines
28%
Afrique Liberia
25%
Aucun quiz correspondant
Distribution des résultats
% des personnes avec chaque résultat
Percentile par nombre de réponses
Votre historique - résultats
Vous n’avez pas pris ce quiz